|
|
|
|
| LEADER |
00000cam a2200000 a 4500 |
| 001 |
vtls001427032 |
| 003 |
SK-MaSNL |
| 005 |
20260302001810.0 |
| 008 |
240318s2001 xo a a 000 p slo |
| 015 |
|
|
|a SNBA2002/04-01202
|
| 020 |
|
|
|a 8071402117
|
| 035 |
|
|
|a SNK000381993
|
| 035 |
|
|
|a urn:nbn:sk:snk-am3hfuj
|
| 035 |
|
|
|a 5EF21800-8EAE-409A-B2E3-940BE1C6D2E8
|
| 035 |
|
|
|a urn:nbn:sk:snk-am00cyun
|
| 040 |
|
|
|a SNK
|b slo
|c SNK
|e AACR2
|
| 041 |
0 |
|
|a slo
|
| 044 |
|
|
|a xo
|c SK
|
| 080 |
|
|
|a 885.4-1(087.5)
|2 1981
|
| 080 |
|
|
|a 244(087.5)
|2 1981
|
| 100 |
1 |
|
|a Fričovský, Ladislav,
|d 1930-2014
|4 aut
|9 110354
|
| 245 |
1 |
0 |
|a Krédo pre deti
|c s básňami Ladislava Fričovského ; s ilustráciami Romana Topolčanyho
|
| 260 |
|
|
|a Liptovský Mikuláš
|b Tranoscius
|c 2001
|
| 300 |
|
|
|a [36] s.
|b fareb. ilustr.
|c 15 cm
|
| 500 |
|
|
|a Rozlož. ilustr. strana
|
| 650 |
0 |
7 |
|a apoštolské vyznanie viery
|2 SNKPH
|9 78780
|
| 655 |
|
7 |
|a publikácie pre deti
|2 SNKPH
|9 70148
|
| 700 |
1 |
|
|a Topolčany, Roman,
|d 1962-
|4 ill
|9 363170
|
| 919 |
|
|
|a 80-7140-211-7
|
| 958 |
|
|
|a TL
|
| 958 |
|
|
|a NT
|
| 958 |
|
|
|a BQ
|
| 958 |
|
|
|a LX
|
| 958 |
|
|
|a DB
|
| 999 |
|
|
|c 985347
|d 987277
|
| 952 |
|
|
|t P60, <03>, [BOOK], {603}
|a SNK
|b SNK
|y PREZ
|7 0
|p 17A0328441
|o snkSE 10099
|i snkKSP 956/2002
|0 0
|1 0
|4 0
|d 2002-01-21
|f 1
|l 0
|r 2005-01-02 00:00:00
|w 2026-02-24
|
| 952 |
|
|
|t P60, <04>, [BOOK], {604}
|a SNK
|b SNK
|y VYP
|7 0
|p 17A0328442
|o snkSE 10099 D1
|i snkKSP 957/2002
|0 0
|1 0
|4 0
|d 2002-01-21
|l 0
|r 2005-01-02 00:00:00
|w 2026-02-24
|